Minecraft de A à Z - Statistiques

Statistiques générales
  • Ce quiz a été pris 977 fois
  • Le résultat moyen est 19 sur 23
Statistiques - réponses
Lettres Description Réponse % Correct
C Monstre vert iconique, il explose si vous vous trouvez à proximité Creeper
99%
D Minerai le plus précieux Diamant
99%
F Permet de faire cuire de la nourriture, des minerais, etc Four
99%
E Dimension où ontrouve presque que des Endermans L'End
98%
N Dimension rempliede lave, souvent associé à l'enfer Le Nether
93%
M Monstre passif fournissantde la laine Mouton
93%
P Outil utilisé pour miner principalement de la pierre Pioche
93%
J Partie d'armure, qu'on placesur les jambes Jambières
91%
O Bloc résistant, se créant à la collision de l'eau et de la lave Obsidienne
91%
R Poudre rouge, utiliséepour des circuits mécanique Redstone
91%
S Créature hostile possédant un arc, monstres très courants Squelettes
91%
Q Minerais trouvablesuniquement dans le Nether Quartz
89%
B Monstre hostile, se trouvantuniquement dans les forteresse du nether Blaze
85%
I Structure générée dans les biomes enneigés Igloo
85%
Z Créature hostile, très courante Zombie
85%
L Créature apprivoisable Loup
84%
H Légende faisant apparaître Steve avec des yeux blancs Herobrine
83%
T Structure trouvée dans les jungles Temple de la jungle
83%
W Boss, invocable avec du sabledes âmes et trois têtes de Wither squelettes Wither
83%
A Biome où on trouve le Warden Abîmes
57%
V Créature hostile invoquéepas les évocateurs Vex
49%
U Mode de jeu où on ne peut pas régénérer sa vie UHC
35%
G Futur monstre, apparaît dansles forêts de chêne pâle Grinceur
16%
Aucun quiz correspondant
Distribution des résultats
% des personnes avec chaque résultat
Percentile par nombre de réponses
Votre historique - résultats
Vous n’avez pas pris ce quiz